00411 2200157 4500001002100000008004100021035002000062245005100082100001800133260002400151300002200175020002200197084001400219082000800233990001200241INLIS000000000002855 IND  a0010-0925000202 aSurga Masih Di Telapak Kaki IbucSafira Atalla aSafira Atalla aJakartabPadic2013 a182c(13 x 19 cm) a978-602-1595-12-1 a813 SAF s a813 a0755077